000 00311nam a22001337a 4500
005 20240214145636.0
008 240214b ||||| |||| 00| 0 eng d
040 _cAL
041 _aEnglish
082 _223
_a651
_bSINO
100 _aSingh and others
_9151259
245 _aOffice Management
942 _2ddc
_cBK
999 _c229816
_d229816